|
|
|
|
| LEADER |
01648cas a2200241 a 4500 |
| 001 |
AALejournalIMF008783 |
| 008 |
230101c9999 xx r poo 0 0eng d |
| 020 |
|
|
|c 5.00 USD
|
| 020 |
|
|
|z 9781451809107
|
| 022 |
|
|
|a 1934-7685
|
| 040 |
|
|
|a BD-DhAAL
|c BD-DhAAL
|
| 110 |
2 |
|
|a International Monetary Fund.
|
| 245 |
1 |
0 |
|a Union of the Comoros :
|b Staff-Monitored Program.
|
| 264 |
|
1 |
|a Washington, D.C. :
|b International Monetary Fund,
|c 2005.
|
| 300 |
|
|
|a 1 online resource (50 pages)
|
| 490 |
1 |
|
|a IMF Staff Country Reports
|
| 500 |
|
|
|a <strong>Off-Campus Access:</strong> No User ID or Password Required
|
| 500 |
|
|
|a <strong>On-Campus Access:</strong> No User ID or Password Required
|
| 506 |
|
|
|a Electronic access restricted to authorized BRAC University faculty, staff and students
|
| 520 |
3 |
|
|a This paper reviews the Staff-Monitored Program (SMP) for the Union of the Comoros. The authorities' program for 2005 is focused on macroeconomic stabilization. This is predicated on a consolidated budget entailing a domestic fiscal adjustment slightly above 3 percent of GDP. Monetary policy will remain circumscribed by the country's participation in the Franc zone. Agreement in principle was reached on a SMP covering 2005. The program would support the authorities' economic reforms and establish a track record of policy implementation that could lead to a Poverty Reduction and Growth Facility arrangement.
|
| 538 |
|
|
|a Mode of access: Internet
|
| 830 |
|
0 |
|a IMF Staff Country Reports; Country Report ;
|v No. 2005/077
|
| 856 |
4 |
0 |
|z Full text available on IMF
|u http://elibrary.imf.org/view/journals/002/2005/077/002.2005.issue-077-en.xml
|z IMF e-Library
|